<?xml version="1.0" encoding="UTF-8"?>
<collection xmlns="http://www.loc.gov/MARC21/slim">
 <record>
  <leader>02607nam a2200325 a 4500</leader>
  <controlfield tag="001">TVCDKTCT6241</controlfield>
  <controlfield tag="003">Thư viện trường Cao đẳng Kỹ thuật Cao Thắng</controlfield>
  <controlfield tag="005">20061212000000</controlfield>
  <controlfield tag="008">061212</controlfield>
  <datafield tag="980" ind1="\" ind2="\">
   <subfield code="a">Thư viện Trường CĐ Kỹ Thuật Cao Thắng</subfield>
  </datafield>
  <datafield tag="024" ind1=" " ind2=" ">
   <subfield code="a">RG_1 #1 eb0 i1</subfield>
  </datafield>
  <datafield tag="041" ind1="0" ind2="#">
   <subfield code="a">vie</subfield>
  </datafield>
  <datafield tag="082" ind1="#" ind2="#">
   <subfield code="a">660 / </subfield>
   <subfield code="b">NH308Đ-l</subfield>
  </datafield>
  <datafield tag="100" ind1="1" ind2="#">
   <subfield code="a">La Văn Bình</subfield>
  </datafield>
  <datafield tag="245" ind1="0" ind2="0">
   <subfield code="a">Nhiệt động trong Hoá kỹ thuật /</subfield>
   <subfield code="c">La Văn Bình</subfield>
  </datafield>
  <datafield tag="250" ind1="#" ind2="#">
   <subfield code="a">In lần thứ 1</subfield>
  </datafield>
  <datafield tag="260" ind1="#" ind2="#">
   <subfield code="a">H. :</subfield>
   <subfield code="b">Khoa học và Kỹ thuật ,</subfield>
   <subfield code="c">2001</subfield>
  </datafield>
  <datafield tag="300" ind1="#" ind2="#">
   <subfield code="a">320tr. ;</subfield>
   <subfield code="c">24cm</subfield>
  </datafield>
  <datafield tag="520" ind1="#" ind2="#">
   <subfield code="a">Gíao trình là tài liệu giúp cho sinh viên các ngành kỹ thuật có được hiểu biết về các quá trình chuyển hóa năng lượng dưới các dạng khác nhau như: công, nhiệt và nội năng khi thực iện các quá trình biến đổi trạng thái và biến đổi chất đặc biệt là các quá trình tổng hợp vật liệu và chế biến hóa học có liên quan chặt chẽ với sự biến đổi năng lượng. Với mục đích cung cấp những kiến thức cơ bản cho các kỹ sư công nghệ và cán bộ nghiên cứu trong việc lựa chọn quá trình công nghệ chế biến và tổng hợp các chất được thuận tiện và nhanh chóng, giảm bớt các khâu thí nghiệm tốn kém. Tài liệu tổng hợp những bài giảng từ những năm 1970 đến 1999 cho sinh viên khối công nghệ của các trường đại học nhằm giúp sinh viên có tài liệu học tập, nghiên cứu và vận dụng vào thực tiễn.</subfield>
  </datafield>
  <datafield tag="520" ind1="#" ind2="#">
   <subfield code="a">Nội dung gồm 6 chương:</subfield>
  </datafield>
  <datafield tag="520" ind1="#" ind2="#">
   <subfield code="a">Chương 1: Phần mở đầu</subfield>
  </datafield>
  <datafield tag="520" ind1="#" ind2="#">
   <subfield code="a">Chương 2: Các định luật cơ sở</subfield>
  </datafield>
  <datafield tag="520" ind1="#" ind2="#">
   <subfield code="a">Chương 3: Nghiên cứu nhiệt động trong các hệ khí</subfield>
  </datafield>
  <datafield tag="520" ind1="#" ind2="#">
   <subfield code="a">Chương 4: Ứng dụng nhiệt động để nghiên cứu cân bằng pha và cân bằng hóa học</subfield>
  </datafield>
  <datafield tag="520" ind1="#" ind2="#">
   <subfield code="a">Chương 5: Ứng dụng nhiệt động trong hóa kỹ thuật</subfield>
  </datafield>
  <datafield tag="520" ind1="#" ind2="#">
   <subfield code="a">Chương 6: Nhiệt động cho quá trình không cân bằng</subfield>
  </datafield>
  <datafield tag="520" ind1="#" ind2="#">
   <subfield code="a">Phần bài tập</subfield>
  </datafield>
  <datafield tag="650" ind1="#" ind2="4">
   <subfield code="a">Nhiệt động học</subfield>
  </datafield>
  <datafield tag="650" ind1="#" ind2="4">
   <subfield code="a">Hoá kỹ thuật -- Nhiệt động</subfield>
  </datafield>
  <datafield tag="650" ind1="#" ind2="4">
   <subfield code="a">Hoá kỹ thuật</subfield>
  </datafield>
 </record>
</collection>
